000 00589nam a2200229 i 4500
001 bg
100 1 _aBOROWSKI, Henryk
245 1 0 _aPotrzeby i wartości /
_cHenryk Borowski ; Politechnika Lubelska.
260 _aLublin :
_bWydaw. PL,
_c1999.
300 _a163 s. ;
_c24 cm.
504 _aBibliogr. - Indeks.
650 9 _aEtyka
650 9 _aWartość
_xfilozofia
710 0 _aPolitechnika Lubelska
020 _a8388110853
040 _cBPK
041 0 _apl
080 _a17:122/129
920 _a83-88110-85-3
942 _cKS
008 s pl f |000 0 pol
999 _c38468
_d38468
856 _uhttp://koha.tu.koszalin.pl/cgi-bin/koha/opac-detail.pl?biblionumber=38468
_yKatalog online BPK